Skład reprezentacji Włoch na Euro 2008 - Statystyki

Ogólne statystyki
  • Ten quiz został rozwiązany 12 razy
  • Średni wynik to 16 z 23
Statystyki odpowiedzi
Nr Pozycja Klub Nazwisko % Poprawnych
1 Bramkarz Juventus Gianluigi Buffon
100%
21 Pomocnik AC Milan Andrea Pirlo
91%
8 Pomocnik AC Milan Gennaro Gattuso
91%
19 Obrońca Juventus Gianluca Zambrotta
91%
9 Napastnik Fiorentina Luca Toni
91%
23 Obrońca Inter Mediolan Marco Materazzi
91%
7 Napastnik Juventus Alessandro Del Piero
82%
11 Napastnik AC Milan Antonio Di Natale
82%
10 Napastnik AS Roma Daniele De Rossi
82%
4 Pomocnik AS Roma Giorgio Chiellini
82%
6 Obrońca Palermo Andrea Barzagli
73%
3 Obrońca Palermo Fabio Grosso
73%
18 Napastnik AC Milan Antonio Cassano
64%
2 Obrońca Palermo Christian Panucci
64%
13 Obrońca AC Milan Massimo Ambrosini
64%
16 Pomocnik Juventus Mauro Camoranesi
64%
20 Pomocnik AS Roma Simone Perrotta
64%
15 Napastnik Udinese Fabio Quagliarella
55%
14 Bramkarz Livorno Marco Amelia
55%
17 Pomocnik Palermo Morgan De Sanctis
55%
22 Obrońca SS Lazio Alberto Aquilani
27%
5 Obrońca Juventus Alessandro Gamberini
27%
12 Bramkarz SS Lazio Marco Boriello
0%
Nie znaleziono quizów pasujących do podanych kryteriów
Rozkład punktacji
Procent ludzi z każdym wynikiem
Percentyl według liczby udzielonych odpowiedzi
Twoja historia wyników
Nie rozwiązałeś tego quizu